000 00632nam a2200169Ia 4500
003 GCL
008 140319s9999 xx 000 0 ara d
040 _aGCL /
_cGCL
082 0 4 _a742
_bم ت
100 1 _aمحمد حماد
245 1 0 _aتبسيط رسم المنظور وتطبيقه المعمارى لاعمال الهندسة المعمارية واعمال هندسة اللديكور /
_cمحمد حماد
260 _aالقاهرة :
_bدار الكتب العلمية للنشر والتوزيع ،
_c1989
300 _a125 ص ؛
_c24 سم
650 0 4 _aالهندسة
650 0 4 _aالمنظور
942 _2ddc
_cBK
999 _c46898
_d46898